Informes del síndico concursal /
Guardado en:
| Autor Principal: | |
|---|---|
| Otros Autores: | |
| Formato: | Libro |
| Idioma: | Spanish |
| Publicado: |
Buenos Aires :
Astrea,
2011
|
| Edición: | 1a. ed. |
| Materias: | |
| Etiquetas: |
Agregar Etiqueta
Sin Etiquetas, Sea el primero en etiquetar este registro!
|
| LEADER | 00787nam a22001815a 4500 | ||
|---|---|---|---|
| 001 | DER.der013060 | ||
| 008 | 180615s2011####|||||||||||||||||#||spa|| | ||
| 005 | 20241031095050.0 | ||
| 245 | 1 | 0 | |a Informes del síndico concursal / |c Claudio Alfredo Casadio Martinez ; con prólogo de José Escandell. |
| 250 | |a 1a. ed. | ||
| 260 | |a Buenos Aires : |b Astrea, |c 2011 | ||
| 300 | |a 391 p. | ||
| 500 | |a Auditoría. Situación laboral del concursado. Informes mensuales de gestión, individual, general y final. Proyecto de distribución. Continuación de la empresa. Publicidad. Modelos de escritos y dictámenes. | ||
| 020 | |a 9789505089376 | ||
| 100 | 1 | |a Casadio Martinez, Claudio Alfredo | |
| 700 | 1 | |a Escandell, José, |e prol. | |
| 650 | 7 | |a DERECHO CONCURSAL | |
| 859 | |a DERECHO |b BIB. DERECHO |h 346.07 |i CAS |p 007962 | ||
